| 000 | 00546nam a2200145 a 4500 | ||
|---|---|---|---|
| 008 | 120416s1970 ||||||||||||||||| || u | ||
| 050 | _aTH 7687 Pri | ||
| 100 | _aPrice, Seymour G | ||
| 245 | 1 | 0 | _aAir conditioning for building engineers and managers |
| 246 | _aoperation and maintenance | ||
| 260 |
_aNew York _bIndustrial Press _c1970 |
||
| 300 | _aviii, 136p. : ill. | ||
| 350 | _a0.00 | ||
| 995 |
_D0.00 _FCBU-MAIN LIBRARY (Kitwe) _H1 _I6.75 _M1 _UAVAILABLE _ZAnnex Low-Usage Collection |
||
| 999 |
_c34023 _d34023 |
||